000 00855cam a2200265 4500
003 EG-GiCUC
008 070120s1996 ua g 000 0 ara d
017 _a1993 / 3728
_bمصر.دار الكتب
020 _a9770901415
040 _aEG-GiCUC
_bara
_cEG-GiCUC
050 4 _aBP165
_bG3 1996
092 0 4 _a210
_bG4118hd 1996
_221
099 _a04
_a210 G4118hd 1996
100 1 _aالغزالى : محمد :
_d1917-1996
245 1 0 _aهذا ديننا /
_cمحمد الغزالى
250 _aط4.
260 _aالقاهرة :
_bدار الشروق :
_c1996
300 _a263ص ؛
_c24سم .
650 7 _aالاسلام
_vخطب : مقالات : محاضرات
_2qrmak
650 7 _aالاسلام
_vدفع مطاعن
_2qrmak
902 _a2
905 _aابراهيم
_eمدخل
905 _aايمان ع
_eمراجع
942 _2ddc
_cBK
999 _c91578
_d91578